Statistiken für Bezirke Hamburgs auf einer Karte

Klicken Sie hier um das Quiz zu spielen!

Allgemein

  • Dieses Quiz wurde 2.144 mal gespielt
  • Das Durchschnittsergebnis liegt bei 4 aus 7

Antworten auf der Karte

Die Antworten werden auf der Karte rot bzw. grün angezeigt, abhängig davon wie oft sie richtig erraten wurden.
 

Antwortstatistiken

Nr.Bezirk% Korrekt
2
Altona
86%
1
Hamburg-Mitte
68%
7Harburg
61%
4Hamburg-Nord
48%
3
Eimsbüttel
36%
6Bergedorf
35%
5Wandsbek
35%

Verteilung der Resultate

Perzentil nach korrekt beantworteten Fragen

Anzahl Personen mit jedem Resultat

Ihre Resultats-Entwicklung

Sie haben dieses Quiz noch nicht gespielt